Spinoza: la vida de Baruj Spinoza
Guardado en:
| Autor principal: | |
|---|---|
| Formato: | Libro |
| Lenguaje: | Undetermined |
| Publicado: |
Buenos Aires, Argentina
Instituto de Filosofía de la Facultad de Filosofía y Letras
1941
|
| Materias: | |
| Etiquetas: |
Agregar Etiqueta
Sin Etiquetas, Sea el primero en etiquetar este registro!
|
MARC
| LEADER | 00000nam a2200000Ia 4500 | ||
|---|---|---|---|
| 008 | 170316s9999 xx 000 0 und d | ||
| 999 | |c 16061 |d 16061 | ||
| 040 | |a cru BVZT | ||
| 090 | |a 100 D-34s | ||
| 100 | |a Dujovne, León | ||
| 245 | |a Spinoza: la vida de Baruj Spinoza | ||
| 260 | |a Buenos Aires, Argentina | ||
| 260 | |b Instituto de Filosofía de la Facultad de Filosofía y Letras | ||
| 260 | |c 1941 | ||
| 300 | |a 305 páginas Vol. 1 | ||
| 650 | |a FILOSOFÍA - BIOGRAFÍA | ||
| 942 | |c 15 D |h 100 D-34s |2 z | ||
